| 000 | 00467nam a2200181Ia 4500 | ||
|---|---|---|---|
| 005 | 20250508154015.0 | ||
| 008 | 008 250505s9999 xx 000 0 eng d | ||
| 037 | _aTextual | ||
| 040 |
_aFEDL _beng _cFEDL |
||
| 041 |
_aeng _2eng |
||
| 084 |
_aF, DOS _qFEDL |
||
| 100 | _aDostoyevsky Fyodor | ||
| 245 | 0 | _aPoor folk | |
| 260 |
_aMoscow _bForeign Languages Publishing House |
||
| 300 | _a216p. | ||
| 942 |
_cTEXL _hF, DOS |
||
| 999 |
_c1346994 _d1346994 |
||